| 000 | 03941cam a22004577i 4500 | ||
|---|---|---|---|
| 001 | data | ||
| 005 | 20260322212110.0 | ||
| 008 | data | ||
| 035 | _a20188109 | ||
| 906 |
_a7 _bcbc _ccopycat _d2 _encip _f20 _gy-gencatlg |
||
| 925 | 0 |
_aacquire _b1 shelf copies _xpolicy default |
|
| 010 | _a 2017446963 | ||
| 020 |
_a9781846826375 _q(hardcover) |
||
| 020 |
_a1846826373 _q(hardcover) |
||
| 035 | _a(OCoLC)968777013 | ||
| 040 |
_aBTCTA _beng _cBTCTA _erda _dDLC _dNLE _dOCLCF _dMNJ _dQGJ _dNYP _dPTS _dDLC |
||
| 042 | _alccopycat | ||
| 043 | _ae-ie--- | ||
| 050 | 0 | 0 |
_aBX5500 _b.C553 2017 |
| 082 | 0 | 4 |
_a283.415 _223 |
| 245 | 0 | 4 |
_aThe Church of Ireland and its past : _bhistory, interpretation and identity / Mark Empey, Alan Ford & Miriam Moffitt, editors. |
| 264 | 1 |
_aDublin, Ireland : _bFour Courts Press, _c[2017]. |
|
| 264 | 4 | _c©2017 | |
| 300 |
_axii, 322 pages ; _c24 cm |
||
| 336 |
_atext _btxt _2rdacontent |
||
| 337 |
_aunmediated _bn _2rdamedia |
||
| 338 |
_avolume _bnc _2rdacarrier |
||
| 504 | _aIncludes bibliographical references and index | ||
| 505 | 0 | 0 |
_tConcluding reflections / _rDavid Hayton. _tShaping history: James Ussher and the Church of Ireland / _rAlan Ford -- _tCreating a usable past: James and Robert Ware / _rMark Empey -- _tWriting the history of the Church of Ireland in the eighteenth century / _rToby Barnard -- _tHigh-church history: C.R. Elrington and his edition of James Ussher's works / _rJamie Blake Knox -- _tContested histories? Richard Mant's History of the Church of Ireland and religious politics in early Victorian Belfast / _rSean Farrell -- _tJ.H. Todd and the Life of St Patrick / _rDáibhí Ó Cróinín -- _tBishop William Reeves, Adomnán, and the beginning of historical theology in Ireland / _rThomas O'Loughlin -- _tIrishness, foreignness and national identity: apostolic succession in disestablishment historiography / _rJames Golden -- _tGeorge T. Stokes and the oriental origins of Irish Christianity in the late nineteenth century / _rRuairí Cullen -- _tW.A. Phillips, History of the Church of Ireland (1933-4): a missed opportunity / _rMiriam Moffitt -- _tChurch of Ireland historians and the twelfth-century reform of the Irish church, 1850-1950 / _rMiriam Moffitt -- _tJourneying into a wider world? The development of the histories of the Church of Ireland since 1950 / _rIan d'Alton -- _gThe debate about the Irish Reformation: some reflections on twentieth-century historiography. _tRevisiting the past: reflections on "Why the Reformation failed in Ireland: une question mal posée" / _rNicholas Canny -- _tTaking sides? Lingering problematics in Irish church history / _rKarl S. Bottigheimer -- _tThe Irish Reformation debate in retrospect / _rSteven G. Ellis -- _tAfter Bradshaw: the debate on the Tudor Reformation in Ireland / _rJames Murray -- _tOne church, two histories: the Jacobean and the Caroline traditions in the Church of Ireland, 1600-2000 / _rAlan Ford -- _tConcluding reflections / _rDavid Hayton. |
| 520 | _a"This book brings together leading Irish historians who examine how the history of the Church of Ireland has been written in the 500 years since the Reformation. It traces the emergence of a distinctly Protestant narrative, shaped by the belief that the Church of Ireland was the true descendant of St Patrick, and shows how this endured down to the twentieth century, before being challenged by the development of a more secular and professional approach to the writing of history."--Back cover. | ||
| 610 | 2 | 0 |
_aChurch of Ireland _xHistory. |
| 610 | 2 | 7 |
_aChurch of Ireland. _2fast _0(OCoLC)fst00513937 |
| 651 | 0 |
_aIreland _xChurch history. |
|
| 651 | 7 |
_aIreland. _2fast _0(OCoLC)fst01205427 |
|
| 655 | 7 |
_aChurch history. _2fast _0(OCoLC)fst01411629 |
|
| 655 | 7 |
_aHistory. _2fast _0(OCoLC)fst01411628 |
|
| 700 | 1 |
_aEmpey, Mark. _eeditor. |
|
| 700 | 1 |
_aFord, Alan, _d1956- _eeditor. |
|
| 700 | 1 |
_aMoffitt, Miriam. _eeditor. |
|
| 999 |
_c1640 _d1640 |
||